00650nam a22002177a 4500003000500000005001700005008004100022010001000063011001000073035001000083040000900093082001700102100001900119245005000138260006400188300001000252490005900262650002400321650002800345830005900373CHAP20220329135532.0971013s1975 r 00010 d a38144 a39116 a43236 cCHAP a631.4016bM500aMiska, John P. aSolonetz soils of the worldb: a bibliography aSlough, England :bCommonwealth Agricultural Bureaux,c1975 a135 p aCommonwealth Bureau of Solis. Special publicationv; 214aSuelos de solonetz.14aSuelosxBibliografía.0 aCommonwealth Bureau of Solis. Special publicationv; 2